000 00458nam a2200181Ia 4500
003 LK-CoDNM
008 010623t2000 xxu||||| |||| 00| 1 sin d
040 _aLK-CoDNM
_dLK-CoDNM
_eLK-CoDNM
041 _asin
080 _a745
_bAMA
100 _aAmarasinghe, Hema Sri
245 _aචිත්‍ර කලාව
246 _aChithra kalava
260 _bNishantha prakashana
_aGanemulla
_c2000
300 _b76, 22 cm
650 _aArts
942 _cBK
999 _c120329
_d120329